Cyclisme : Culture générale #1 - Statistiques

Statistiques générales
  • Ce quiz a été pris 99 fois
  • Le résultat moyen est 6 sur 10
Statistiques - réponses
Question Réponse % Correct
Nombre d'étapes du Tour de France remportées par Mark Cavendish, recordman de l'épreuve. 35
89%
Premier et unique coureur à remporter trois titres consécutifs de champion du monde sur route. Peter Sagan
88%
Coureur professionnel français des années 90, entre autres quadruple vainqueur du classement UCI et de la Vuelta, devenu champion du monde d'Ironman après sa carrière. Laurent Jalabert
80%
Surnommé "la Caravelle", ce coureur français est le premier à remporter 5 fois le Tour de France. Jacques Anquetil
78%
Equipe cycliste professionnelle sponsorisée par une marque d'horlogerie au centre d'un scandale de dopage en 1998. Festina
75%
Col mythique des Pyrénées dans lequel Eugène Christophe brisa sa fourche avant de la réparer lui même dans une forge au pied de ce dernier. Le Tourmalet
74%
Seul coureur avec ses compatriotes Eddy Merckx et Rik Van Looy à avoir gagné les 5 monuments cyclistes. Roger De Vlaeminck
32%
Surnom donné à Milan-San Remo, premier monument cycliste de la saison. La Primavera
31%
Journaliste sportif français spécialiste du cyclisme ayant commenté le Tour de France à moto ou en cabine pendant près de 40 ans et auteur de nombreux livres sur l'histoire du cyclisme surnommé "Paulo la science". Jean-Paul Ollivier
26%
Vainqueur d'étape sur le Tour de France, ce cycliste français mesurant 1m59 a longtemps été le coureur le plus petit du peloton professionnel dans les années 2000/2010. Samuel Dumoulin
15%
Aucun quiz correspondant
Distribution des résultats
% des personnes avec chaque résultat
Percentile par nombre de réponses
Votre historique - résultats
Vous n’avez pas pris ce quiz